Eleven Minutes (Record no. 15661)
[ view plain ]
| 000 -LEADER | |
|---|---|
| fixed length control field | 00356nam a22001457a 4500 |
| 003 - CONTROL NUMBER IDENTIFIER | |
| control field | OSt |
| 008 - FIXED-LENGTH DATA ELEMENTS--GENERAL INFORMATION | |
| fixed length control field | 190524b ||||| |||| 00| 0 eng d |
| 020 ## - INTERNATIONAL STANDARD BOOK NUMBER | |
| ISBN | 9780008140205 |
| 082 ## - DEWEY DECIMAL CLASSIFICATION NUMBER | |
| Classification number | 869.342 |
| Item number | COE/EL |
| 100 ## - MAIN ENTRY--AUTHOR NAME | |
| Personal name | Coelho, Paulo |
| 245 ## - TITLE STATEMENT | |
| Title | Eleven Minutes |
| 260 ## - PUBLICATION, DISTRIBUTION, ETC. (IMPRINT) | |
| Place of publication | Uttar Pradesh |
| Name of publisher | HarperCollins Publisher |
| Year of publication | 2003 |
| 300 ## - PHYSICAL DESCRIPTION | |
| Number of Pages | 275 p. |
| 942 ## - ADDED ENTRY ELEMENTS (KOHA) | |
| Koha item type | Books |
| Withdrawn status | Lost status | Damaged status | Home library | Current library | Shelving location | Date acquired | Cost, normal purchase price | Full call number | Accession Number | Koha item type |
|---|---|---|---|---|---|---|---|---|---|---|
| KAUAET | KAUAET | Fiction | 24/05/2019 | 350.00 | 869.342 COE/EL | 25933 | Books |
